书目信息 |
| 题名: |
邓小平的智慧与当代领导艺术
|
|
| 作者: | 周国剑 著 | |
| 分册: | ||
| 出版信息: | 北京 时事出版社 2016 |
|
| 页数: | 331页 | |
| 开本: | 26cm | |
| 丛书名: | ||
| 单 册: | ||
| 中图分类: | A765 | |
| 科图分类: | ||
| 主题词: | ||
| 电子资源: | ||
| ISBN: | 978-7-80232-989-8 | |
| 000 | 00951nam0 22002291 450 | |
| 001 | 0127144109 | |
| 005 | 20170427144109.0 | |
| 010 | @a978-7-80232-989-8@dCNY48.00 | |
| 100 | @a20160714d2016 em y0chiy50 ea | |
| 101 | 0 | @achi |
| 102 | @aCN@b110000 | |
| 105 | @ay z 000yy | |
| 106 | @ar | |
| 200 | 1 | @a邓小平的智慧与当代领导艺术@Adeng xiao ping de zhi hui yu dang dai ling dao yi shu@f周国剑著 |
| 210 | @a北京@c时事出版社@d2016 | |
| 215 | @a331页@d26cm | |
| 330 | @a本书从邓小平的个人修养、为人处事、战略规划、策略运用、人才管理、决策智慧、思想宣传、危机处理、谈判交往、沟通协调、开拓创新、把握大势和领导方法等入手,通过深刻剖析邓小平的智慧与领导艺术,可以让有志创业的广大读者,以及党政领导干部和企业管理者,得到启迪,应用于工作实践。 | |
| 600 | 0 | @a邓小平@Adeng xiao ping@f(1904-1997)@x领导艺术@x研究 |
| 690 | @aA765@v5 | |
| 701 | 0 | @a周国剑@Azhou guo jian@f(1974~)@4著 |
| 801 | 0 | @aCN@bTANGWEI@c20170308 |
| 905 | @b0966744-6@dA765@e236@f3 | |
| 邓小平的智慧与当代领导艺术/周国剑著.-北京:时事出版社,2016 |
| 331页;26cm |
| ISBN 978-7-80232-989-8:CNY48.00 |
| 本书从邓小平的个人修养、为人处事、战略规划、策略运用、人才管理、决策智慧、思想宣传、危机处理、谈判交往、沟通协调、开拓创新、把握大势和领导方法等入手,通过深刻剖析邓小平的智慧与领导艺术,可以让有志创业的广大读者,以及党政领导干部和企业管理者,得到启迪,应用于工作实践。 |
| ● |
| 相关链接 |
|
|
|
|
正题名:邓小平的智慧与当代领导艺术
索取号:A765/236
 
预约/预借
| 序号 | 登录号 | 条形码 | 馆藏地/架位号 | 状态 | 备注 |
| 1 | 0966744 | 209667449 | 第一样本阅览室/ [索取号:A765/236] | 在馆 | |
| 2 | 0966745 | 209667458 | 第一借阅区/ [索取号:A765/236] | 在馆 | |
| 3 | 0966746 | 209667467 | 第一借阅区/ [索取号:A765/236] | 在馆 |